Ministrowie Finansów III RP - Statystyki

Ogólne statystyki
  • Ten quiz został rozwiązany 29 razy
  • Średni wynik to 11 z 31
Statystyki odpowiedzi
Imię i Nazwisko Partia Czas Urzędowania Rząd % Poprawnych
Leszek Balcerowicz bezpartyjny 1989 - 1991 Rząd Mazowieckiego / Bieleckiego
80%
Leszek Balcerowicz UW 1997 - 2000 Rząd Buzka
80%
Marek Belka bezpartyjny 1997 - 1997 Rząd Cimoszewicza
76%
Marek Belka SLD 2001 - 2002 Rząd Millera
76%
Andrzej Domański PO 2023 - nadal Trzeci Rząd Tuska
72%
Mateusz Morawiecki PiS 2016 - 2018 Rząd Szyło / Pierwszy Rząd Morawieckiego
68%
Mateusz Morawiecki * PiS 2022 - 2022 Drugi Rząd Morawieckiego
68%
Zyta Gilowska bezpartyjna popierana przez PiS 2006 - 2006 Rząd Marcinkiewicza
64%
Zyta Gilowska bezpartyjna z rekomendacji PiS 2006 - 2007 Rząd Kaczyńskiego
64%
Jan Vincent-Rostowski PO 2007 - 2013 Pierwszy i Drugi Rząd Tuska
60%
Grzegorz Kołodko bezpartyjny 1994 - 1997 Rząd Pawlaka / Oleksego / Cimoszewicza
48%
Grzegorz Kołodko bezpartyjny 2002 - 2003 Rząd Millera
48%
Mateusz Szczurek bezpartyjny z rekomendacji PO 2013 - 2015 Drugi Rząd Tuska / Rząd Kopacz
36%
Tadeusz Kościński bezpartyjny 2019 - 2022 Drugi Rząd Morawieckiego
28%
Andrzej Olechowski bezpartyjny 1992 - 1992 Rząd Olszewskiego
24%
Marek Borowski SdRP 1993 - 1994 Rząd Pawlaka
24%
Jarosław Bauc AWS 2000 - 2001 Rząd Buzka
20%
Paweł Szałamacha bezpartyjny 2015 - 2016 Rząd Szydło
20%
Teresa Czerwińska bezpartyjna 2018 - 2019 Pierwszy Rząd Morawieckiego
20%
Teresa Lubińska bezpartyjny 2005 - 2006 Rząd Marcinkiewicza
20%
Andrzej Kosztowniak PiS 2023 - 2023 Trzeci Rząd Morawieckiego
16%
Magdalena Rzeczkowska bezpartyjna 2022 - 2023 Drugi Rząd Morawieckiego
16%
Marian Banaś bezpartyjny 2019 - 2019 Pierwszy Rząd Morawieckiego
16%
Paweł Wojciechowski bezpartyjny 2006 - 2006 Rząd Marcinkiewicza
12%
Jerzy Kwieciński bezpartyjny 2019 - 2019 Pierwszy Rząd Morawieckiego
8%
Andrzej Raczko bezpartyjny 2003 - 2004 Rząd Millera / Pierwszy i Drugi Rząd Belki
4%
Halina Wasilewska-Trenkner bezpartyjny 2001 - 2001 Rząd Buzka
4%
Jerzy Osiatyński UD 1992 - 1993 Rząd Suchockiej
4%
Karol Lutkowski bezpartyjny 1991 - 1992 Rząd Olszewskiego
4%
Mirosław Gronicki bezpartyjny 2004 - 2005 Drugi Rząd Belki
4%
Stanisław Kluza bezpartyjny 2006 - 2006 Rząd Kaczyńskiego
4%
Nie znaleziono quizów pasujących do podanych kryteriów
Rozkład punktacji
Procent ludzi z każdym wynikiem
Percentyl według liczby udzielonych odpowiedzi
Twoja historia wyników
Nie rozwiązałeś tego quizu